000 00441nam a22001337a 4500
999 _c514859
_d514859
008 201225b ||||| |||| 00| 0 eng d
100 _aKondal,Kappa.
_921876
245 _aImpact of direct Institutional credit on agricultural productivity in India: An empirical analysis
260 _a Productivity
300 _a61(1), Apr-Jun, 2020: p.82-96
773 _aProductivity
906 _aAGRICULTURAL PRODUCTIVITY - INDIA
942 _cAR